000 00574nam a22001817a 4500
999 _c16892
_d16892
008 220420b ||||| |||| 00| 0 eng d
020 _a9781260570465
082 _22021
_aDC 599.935
_bL585
100 _aLewis, Ricki, author
_945119
245 _aHuman genetics:
_bconcepts and applications/
_cRicki Lewis
250 _aThirteenth edition
260 _aNew York, NY:
_bMc Graw Hill,
_c2021.
300 _aiii, 474 pages:
_billustrations;
_c27 cm.
500 _aIncludes index.
650 _a Human genetics
_945120
650 _aGenetics, Medical
_945121
942 _2ddc
_cDC